Diccionario hispánico universal

Kaydedildi:
Detaylı Bibliyografya
Materyal Türü: Kitap
Dil:İspanyolca
Baskı/Yayın Bilgisi: Ciudad de México W. M. Jackson 1962
Edisyon:8a. ed
Konular:
Etiketler: Etiketle
Etiket eklenmemiş, İlk siz ekleyin!

MARC

LEADER 00000nam a2200000 a 4500
001 UCQ8209
003 CL-VaPUC
008 981209e19620000MX |||||||||||||||||spa|d
082 0 4 |a 463  |b DIC  |2 21 
245 1 0 |a Diccionario hispánico universal 
246 1 0 |a Enciclopedia ilustrada en lengua española 
250 |a 8a. ed 
300 |a v 
942 |c BK 
945 |d 19981209 00:00:00  |a cmena 
260 |a Ciudad de México  |b W. M. Jackson  |c 1962 
500 |a v.2: Biografía, geografía, historia, filosofía, literatura, astronomía 
650 0 |a Español  |9 255372 
650 0 |a Diccionarios  |9 256200 
650 0 |a Enciclopedias  |9 264135 
583 |a last modification  |c 19981209 00:00:00  |k Rodrigo Vera 
999 |c 277500  |d 277498 
952 |0 0  |1 0  |4 0  |6 463_000000000000000_DIC_1962  |7 0  |8 F  |9 315450  |a BIBEDU  |b BIBEDU  |d 2019-11-20  |h v.2  |i 1497235  |o 463 DIC 1962  |p 1497235  |r 2023-01-13  |w 2019-11-20  |y BK_F  |k LIT